| 000 | 00842nam a2200241Ia 4500 | ||
|---|---|---|---|
| 999 |
_c64598 _d64598 |
||
| 005 | 20240530110740.0 | ||
| 008 | 140319s1991 ua 000 0 ara d | ||
| 017 |
_a3178 _bمصر. دار الكتب |
||
| 020 | _a9777335237 | ||
| 040 |
_aGCL / _cGCL |
||
| 082 | 0 | 4 |
_a219.3/ _bم ف _221 |
| 100 | 1 | _aمحمد البهى | |
| 245 | 1 | 2 |
_aالفكر الاسلامى وصلتة بالاستعمار العربى / _cمحمد البهى |
| 250 | _aط.12، مزيدة ومنقحة. | ||
| 260 |
_aالقاهرة : _c1991. _bمكتبة وهبة، |
||
| 300 |
_a511 ص. ؛ _c24 سم. |
||
| 650 | 0 | 7 |
_aالفكر الاسلامى _2qrmak |
| 650 | 0 | 7 |
_aالحكم فى الاسلام _2qrmak |
| 651 | _2qrmak | ||
| 653 | 0 | _aالاسلام - الاستعمار العربى | |
| 942 |
_2ddc _cBK |
||